| 000 | 01326cam a22003254a 4500 | ||
|---|---|---|---|
| 001 | 12640516 | ||
| 003 | NUST-PNEC | ||
| 005 | 20170116180710.0 | ||
| 008 | 020110s2002 flua b 001 0 eng | ||
| 010 | _a 2002017434 | ||
| 020 | _a0849309735 | ||
| 040 | _c PNEC | ||
| 042 | _apcc | ||
| 050 | 0 | 0 |
_aTK6561 _b.R52 2002 |
| 082 | 0 | 0 |
_a621.384'11 WHI _221 |
| 100 |
_9508 _aWhitaker, Jerry C. |
||
| 245 | 0 | 4 |
_aThe RF transmission systems handbook / _cedited by Jerry C. Whitaker. |
| 260 |
_aBoca Raton, Fla. : _bCRC Press, _cc2002. |
||
| 300 |
_a1 v. (various pagings) : _bill. ; _c26 cm. |
||
| 440 | 0 | _aElectronics handbook series | |
| 500 | _aIncludes Index http://www.worldcat.org/title/rf-transmission-systems-handbook/oclc/48834652&referer=brief_results | ||
| 504 | _aIncludes bibliographical references and index. | ||
| 650 | 0 |
_aRadio _xEL |
|
| 700 | 1 | _aWhitaker, Jerry C. | |
| 856 | 4 | 2 |
_3Publisher description _uhttp://www.loc.gov/catdir/enhancements/fy0646/2002017434-d.html |
| 856 | 4 | 2 |
_3Book review (E-STREAMS) _uhttp://www.e-streams.com/es0604/es0604_2412.html |
| 906 |
_a7 _bcbc _corignew _d1 _eocip _f20 _gy-gencatlg |
||
| 942 |
_2ddc _cBK |
||
| 999 |
_c60915 _d60915 |
||